Polacy w NBA - Statystyki

Ogólne statystyki
  • Ten quiz został rozwiązany 37 razy
  • Średni wynik to 8 z 14
Statystyki odpowiedzi
Hint Odpowiedź % Poprawnych
Phoenix Suns
89%
Phoenix Suns
89%
Phoenix Suns
89%
Washington Wizards
89%
Marcin Gortat Orlando Magic
86%
Jeremy Sochan San Antonio Spurs
86%
Los Angeles Clippers
72%
Chicago Bulls
56%
Toronto Raptors
42%
Houston Rockets
33%
Cezary Trybański Memphis Grizzlies
33%
New York Knicks
31%
Maciej Lampe New York Knicks
31%
New Orleans Hornets
6%
Nie znaleziono quizów pasujących do podanych kryteriów
Rozkład punktacji
Procent ludzi z każdym wynikiem
Percentyl według liczby udzielonych odpowiedzi
Twoja historia wyników
Nie rozwiązałeś tego quizu